KOTA-KOTA BERSEJARAH : (Record no. 196914)

MARC details
000 -LEADER
fixed length control field 00903nam a2200277 n 4500
003 - CONTROL NUMBER IDENTIFIER
control field OSt
005 - DATE AND TIME OF LATEST TRANSACTION
control field 20240909112413.0
008 - FIXED-LENGTH DATA ELEMENTS--GENERAL INFORMATION
fixed length control field 240909s1981 my ab f o000 0 may d
020 ## - INTERNATIONAL STANDARD BOOK NUMBER
Qualifying information paperback
040 ## - CATALOGING SOURCE
Original cataloging agency PPAK
Language of cataloging eng
Transcribing agency PPAK
Description conventions rda
082 04 - DEWEY DECIMAL CLASSIFICATION NUMBER
Edition number 23
Classification number 959.5
090 00 - LOCALLY ASSIGNED LC-TYPE CALL NUMBER (OCLC); LOCAL CALL NUMBER (RLIN)
Classification number (OCLC) (R) ; Classification number, CALL (RLIN) (NR) 959.5
Feature heading KOT
Feature heading KZR
245 00 - TITLE STATEMENT
Title KOTA-KOTA BERSEJARAH :
Remainder of title Di Semenanjung Malaysia /
Statement of responsibility, etc. disusun oleh RAIHA MOHD. SAUD
264 #1 - PRODUCTION, PUBLICATION, DISTRIBUTION, MANUFACTURE, AND COPYRIGHT NOTICE
Place of production, publication, distribution, manufacture Kuala Lumpur :
Name of producer, publisher, distributor, manufacturer Jabatan Muzium,
Date of production, publication, distribution, manufacture, or copyright notice 1981
300 ## - PHYSICAL DESCRIPTION
Extent xi, 66 pages :
Other physical details illustrations, maps ;
Dimensions 24 cm
336 ## - CONTENT TYPE
Content type term text
Source rdacontent
337 ## - MEDIA TYPE
Media type term unmediated
Source rdamedia
338 ## - CARRIER TYPE
Carrier type term volume
Source rdacarrier
490 1# - SERIES STATEMENT
Series statement SIRI PANDUAN SEJARAH ;
Volume/sequential designation III
504 ## - BIBLIOGRAPHY, ETC. NOTE
Bibliography, etc. note Bibliography: pages 65-66
650 10 - SUBJECT ADDED ENTRY--TOPICAL TERM
Topical term or geographic name entry element Historic sites
Geographic subdivision Malaysia
651 #0 - SUBJECT ADDED ENTRY--GEOGRAPHIC NAME
Geographic name Malaysia
General subdivision History
710 2# - ADDED ENTRY--CORPORATE NAME
Corporate name or jurisdiction name as entry element Malaysia
Subordinate unit Jabatan Muzium
Relator term issuing body.
830 #0 - SERIES ADDED ENTRY--UNIFORM TITLE
Uniform title Siri panduan sejarah ;
Volume/sequential designation III
942 ## - ADDED ENTRY ELEMENTS (KOHA)
Source of classification or shelving scheme Dewey Decimal Classification
Koha item type Book
Holdings
Withdrawn Not for loan Current library Shelving location Date acquired Total Checkouts Full call number Barcode Date last seen Koha item type
  Not For Loan Perpustakaan Alor Setar Koleksi Zahidi Zainol Rashid 08/12/2024   KZR 959.5 KOT A00367690 08/12/2024 Book